| 000 | 01008cam a2200181ua 4500 | ||
|---|---|---|---|
| 020 | _c6.00 | ||
| 041 |
_aeng _h |
||
| 082 |
_a631.348 _bIND/GL |
||
| 110 | 1 |
_aIndian Standards Institution . _b _c(New Delhi ) |
|
| 245 | 0 | 0 |
_aGlossary of terms relating to crop protection equipment, IS 8480-1977 / _cIndian Standards Institution. _hTextual Documents |
| 250 |
_a1 / _b. |
||
| 260 |
_aNew Delhi : _bIndian Standards Institution , _c1977. |
||
| 300 | _a11 ; . | ||
| 365 | _a6.00 | ||
| 504 | _a | ||
| 942 | _cBK | ||
| 999 |
_c7760 _d7760 |
||